[Event "Mundial Juvenil femenino 2005 s10"]
[Site "Belfort FRA"]
[Date "2005.07.26"]
[Round "7.7"]
[White "Galunova, Tsveta"]
[Black "Ziaziulkina, Nastassia"]
[Result "0-1"]
[WhiteElo "1599"]
[BlackElo "1949"]
[PlyCount "110"]
[EventDate "2005.07.19"]
[EventType "swiss"]
[EventRounds "11"]
[EventCountry "FRA"]
[Source "lmi"]
[SourceDate "2005.07.31"]

1. e4 c5 2. c3 Nf6 3. e5 Nd5 4. Nf3 Nc6 5. Bc4 Nb6 6. Bb3 c4 7. Bc2 d6 8. exd6
Qxd6 9. O-O Bg4 10. d4 cxd3 11. Qxd3 e6 12. Be3 Qxd3 13. Bxd3 Nd5 14. Nd4 Nxe3
15. fxe3 Ne5 16. Bb5+ Kd8 17. Nd2 Kc7 18. h3 Bh5 19. g4 Bg6 20. Rad1 Bc5 21. b4
Be7 22. Nc4 Nxc4 23. Bxc4 a6 24. Rd2 Rac8 25. Bd3 Bg5 26. Kf2 Kb8 27. Rc1 Rhd8
28. Ke2 Rc7 29. Bxg6 hxg6 30. c4 Rh8 31. Nf3 Be7 32. c5 Rxh3 33. Kf2 Bf6 34.
Rdc2 Rh8 35. e4 Rhc8 36. e5 Be7 37. Nd2 b6 38. Ne4 Rc6 39. Ke3 f5 40. exf6 gxf6
41. Ke2 f5 42. gxf5 gxf5 43. Nd2 bxc5 44. bxc5 Rxc5 45. Rxc5 Rxc5 46. Rxc5 Bxc5
47. Nb3 Bb6 48. Kd3 Kc7 49. Nd2 Kc6 50. Kc4 e5 51. Kd3 Kd5 52. Nc4 e4+ 53. Kc3
Bd4+ 54. Kb3 e3 55. Nxe3+ Bxe3 0-1

[Event "Mundial Juvenil femenino 2005 s10"]
[Site "Belfort FRA"]
[Date "2005.07.26"]
[Round "7.8"]
[White "Baraeva, Marina"]
[Black "Milotunovic, Stefana"]
[Result "1/2-1/2"]
[WhiteElo "1599"]
[BlackElo "1599"]
[PlyCount "66"]
[EventDate "2005.07.19"]
[EventType "swiss"]
[EventRounds "11"]
[EventCountry "FRA"]
[Source "lmi"]
[SourceDate "2005.07.31"]

1. c4 Nf6 2. Nc3 g6 3. g3 Bg7 4. Bg2 O-O 5. d4 d6 6. f4 Nc6 7. e4 e5 8. Nf3
exd4 9. Nxd4 Nxe4 10. Nxc6 Nxc3 11. Qc2 bxc6 12. Bxc6 Rb8 13. bxc3 Bb7 14. Bxb7
Rxb7 15. O-O Qf6 16. Bd2 Rfb8 17. Rab1 Qf5 18. Qxf5 gxf5 19. Rxb7 Rxb7 20. Rf2
Rb2 21. Be1 Rxf2 22. Kxf2 Kf8 23. Kf3 Ke7 24. g4 Ke6 25. gxf5+ Kxf5 26. h3 h5
27. Bd2 Bh6 28. Be3 c5 29. Bd2 Bg7 30. Ke3 Bh6 31. Kf3 Bg7 32. Ke3 Bh6 33. Kf3
Bg7 1/2-1/2

[Event "Mundial Juvenil femenino 2005 s10"]
[Site "Belfort FRA"]
[Date "2005.07.26"]
[Round "7.9"]
[White "Bohorquez, Maria"]
[Black "Le, Thanh Phuong Uyen"]
[Result "1-0"]
[WhiteElo "1599"]
[BlackElo "1599"]
[PlyCount "99"]
[EventDate "2005.07.19"]
[EventType "swiss"]
[EventRounds "11"]
[EventCountry "FRA"]
[Source "lmi"]
[SourceDate "2005.07.31"]

1. e4 c5 2. d4 cxd4 3. c3 dxc3 4. Nxc3 d6 5. Nf3 Nf6 6. Bc4 e6 7. Bg5 Be7 8.
O-O O-O 9. Rc1 Nc6 10. Qe2 Re8 11. Rfd1 Qc7 12. Bf4 e5 13. Bg5 Bg4 14. Bxf6
gxf6 15. Nd5 Qd7 16. Bb5 Nd4 17. Rxd4 Bxf3 18. Qxf3 Qxb5 19. Rb4 Qd7 20. Rc7
Rac8 21. Rbxb7 Bd8 22. h3 Rxc7 23. Rxc7 Qa4 24. Nxf6+ Bxf6 25. Qxf6 Qd1+ 26.
Kh2 Rf8 27. Qg5+ Kh8 28. Qh6 Kg8 29. Rxa7 Qd4 30. Qg5+ Kh8 31. Qf6+ Kg8 32. Rd7
Qxe4 33. Rxd6 Qe2 34. Rb6 Qe4 35. Rb5 Re8 36. b4 h5 37. Qg5+ Kf8 38. a4 Qd4 39.
a5 Qd6 40. Qxh5 e4+ 41. g3 e3 42. Qh8+ Ke7 43. Rb7+ Ke6 44. Qxe8+ Kf5 45. Rxf7+
Kg5 46. Qxe3+ Kh5 47. Rf5+ Kg6 48. Qg5+ Kh7 49. Rf7+ Kh8 50. Qg7# 1-0

[Event "Mundial Juvenil femenino 2005 s10"]
[Site "Belfort FRA"]
[Date "2005.07.26"]
[Round "7.10"]
[White "Gaboyan, Susanna"]
[Black "Chiarion, Elisa"]
[Result "1-0"]
[WhiteElo "1599"]
[BlackElo "1599"]
[PlyCount "99"]
[EventDate "2005.07.19"]
[EventType "swiss"]
[EventRounds "11"]
[EventCountry "FRA"]
[Source "lmi"]
[SourceDate "2005.07.31"]

1. e4 c5 2. Nf3 d6 3. c3 Nf6 4. Bd3 Nc6 5. h3 a6 6. O-O b5 7. Bc2 g6 8. d4 cxd4
9. cxd4 Bb7 10. a3 Bg7 11. Nc3 O-O 12. Be3 Rc8 13. Rc1 e6 14. Nh2 Re8 15. f4 b4
16. axb4 Nxb4 17. Bb1 Nh5 18. g4 Nf6 19. g5 Nd7 20. Ng4 Nb6 21. Qe2 Nc4 22. Bf2
f5 23. Nh2 Kh8 24. h4 Qe7 25. h5 Qf7 26. h6 Bf8 27. Be1 Qc7 28. Na4 d5 29. b3
Qa5 30. bxc4 Qxa4 31. exf5 exf5 32. Qf3 Ba8 33. c5 a5 34. Qd1 Qd7 35. Qb3 Nc6
36. Qa4 Qe6 37. Bf2 Rb8 38. Rfe1 Qf7 39. Ba2 Rb4 40. Qa3 Re4 41. Red1 Rxf4 42.
Be1 Rbxd4 43. Bc3 Be7 44. Bxd4+ Nxd4 45. Rxd4 Bxg5 46. Rxf4 Bxf4 47. Qb2+ Kg8
48. Re1 Bb7 49. Re8+ Qf8 50. Qg7# 1-0

[Event "Mundial Juvenil femenino 2005 s10"]
[Site "Belfort FRA"]
[Date "2005.07.26"]
[Round "7.11"]
[White "Efroimski, Marsel"]
[Black "Yang, Sylvia"]
[Result "1-0"]
[WhiteElo "1599"]
[BlackElo "1599"]
[PlyCount "43"]
[EventDate "2005.07.19"]
[EventType "swiss"]
[EventRounds "11"]
[EventCountry "FRA"]
[Source "lmi"]
[SourceDate "2005.07.31"]

1. e4 d5 2. exd5 Nf6 3. Nf3 Nxd5 4. Bc4 c6 5. d4 Bg4 6. c3 e6 7. h3 Bh5 8. Qd3
Bg6 9. Qe2 Be7 10. O-O O-O 11. Ne5 Nd7 12. Nxg6 hxg6 13. Bb3 N7f6 14. Nd2 Qc7
15. Nf3 Rad8 16. g3 Rfe8 17. Kg2 Nh5 18. c4 Nb6 19. Bd2 Rc8 20. Ne5 g5 21. Qxh5
g6 22. Qf3 1-0

[Event "Mundial Juvenil femenino 2005 s10"]
[Site "Belfort FRA"]
[Date "2005.07.26"]
[Round "7.12"]
[White "Fataliyeva, Ulviyya"]
[Black "Roy, Myriam"]
[Result "1-0"]
[WhiteElo "1599"]
[BlackElo "1599"]
[PlyCount "42"]
[EventDate "2005.07.19"]
[EventType "swiss"]
[EventRounds "11"]
[EventCountry "FRA"]
[Source "lmi"]
[SourceDate "2005.07.31"]

1. e4 c5 2. Nf3 Nc6 3. d4 cxd4 4. Nxd4 d6 5. Nc3 Nf6 6. Bg5 e6 7. Be2 Be7 8.
Qd2 a6 9. f4 Qc7 10. O-O O-O 11. Bf3 Qb6 12. Kh1 Nxd4 13. e5 Nxf3 14. Rxf3 dxe5
15. fxe5 Rd8 16. Qe2 Nd5 17. Nxd5 Rxd5 18. Bxe7 Qxb2 19. Qf1 h6 20. Rxf7 Bd7
21. Rxg7+ Kxg7 1-0

[Event "Mundial Juvenil femenino 2005 s10"]
[Site "Belfort FRA"]
[Date "2005.07.26"]
[Round "7.13"]
[White "Unaphkshvili, Nani"]
[Black "Ho, Danielle"]
[Result "1-0"]
[WhiteElo "1599"]
[BlackElo "1599"]
[PlyCount "158"]
[EventDate "2005.07.19"]
[EventType "swiss"]
[EventRounds "11"]
[EventCountry "FRA"]
[Source "lmi"]
[SourceDate "2005.07.31"]

1. d4 d5 2. c4 e6 3. Nf3 Nf6 4. g3 Be7 5. Bg2 O-O 6. Qc2 Nbd7 7. O-O c6 8. b3
b6 9. Nc3 Bb7 10. Rd1 Rc8 11. e4 dxe4 12. Nxe4 b5 13. c5 Nxe4 14. Qxe4 Nxc5 15.
Qc2 Na6 16. a3 Nc7 17. Bb2 Nd5 18. Rac1 c5 19. dxc5 Rxc5 20. Qe2 Rxc1 21. Rxc1
Qb6 22. Ne5 Nf6 23. Nc6 Bxc6 24. Rxc6 Qa5 25. b4 Qa4 26. Bh3 Rd8 27. Bf1 a6 28.
Rc7 Nd5 29. Rc6 Nf6 30. Bh3 h6 31. Kg2 Kf8 32. Kg1 Ra8 33. Bg2 Rd8 34. Bh3 Ra8
35. Qf3 Rd8 36. Qe2 Ra8 37. Bg2 Rd8 38. Bh3 Ra8 39. Bg2 Rd8 40. Bf1 Ra8 41. Bh3
a5 42. Rb6 axb4 43. axb4 Nd5 44. Rxb5 Bxb4 45. Bg2 Re8 46. Bxd5 exd5 47. Bxg7+
Kxg7 48. Qxe8 Qd1+ 49. Kg2 Bc3 50. Rb7 Qh5 51. Rb5 Qf5 52. Rb7 Bd4 53. Qe2 Bf6
54. Rb5 Qd7 55. h3 Kh7 56. Qd3+ Kg7 57. Rxd5 Qc6 58. Qf3 Qe6 59. Qg4+ Qxg4 60.
hxg4 Kg6 61. f4 Be7 62. Kf3 Bf6 63. Rd6 Kg7 64. Ke4 Be7 65. Rd7 Kf8 66. Kf5 Ke8
67. Rb7 Bd8 68. Ke5 Be7 69. f5 Bd8 70. f6 Kf8 71. Rb8 Kg8 72. Rxd8+ Kh7 73. Rf8
Kg6 74. Rg8+ Kh7 75. Rg7+ Kh8 76. Rxf7 h5 77. Rf8+ Kh7 78. gxh5 Kh6 79. Rg8
Kxh5 1-0

[Event "Mundial Juvenil femenino 2005 s10"]
[Site "Belfort FRA"]
[Date "2005.07.26"]
[Round "7.14"]
[White "Aranaz Murillo, Amalia"]
[Black "Mucha, Magdalena"]
[Result "0-1"]
[WhiteElo "1599"]
[BlackElo "1599"]
[PlyCount "72"]
[EventDate "2005.07.19"]
[EventType "swiss"]
[EventRounds "11"]
[EventCountry "FRA"]
[Source "lmi"]
[SourceDate "2005.07.31"]

1. d4 f5 2. Nc3 Nf6 3. Bg5 Nc6 4. a3 d5 5. Bxf6 exf6 6. e3 Be6 7. Bd3 Qd7 8.
Qf3 Rd8 9. Nge2 a6 10. Nf4 g6 11. O-O Bg7 12. Rfc1 b5 13. Nce2 Bf7 14. Ng3 Na5
15. b3 c6 16. a4 Qc7 17. Ra2 O-O 18. Rca1 Nb7 19. axb5 axb5 20. Ra7 Rb8 21.
Nfe2 Rfc8 22. Qf4 Qd8 23. f3 Be6 24. e4 fxe4 25. fxe4 dxe4 26. Qxe4 Bd5 27. Qe3
f5 28. Nf4 Bf7 29. Nge2 c5 30. Ne6 Bxe6 31. Qxe6+ Kh8 32. dxc5 Bxa1 33. Qf7 Rc7
34. Qe6 Bd4+ 35. Nxd4 Qxd4+ 36. Kh1 Nxc5 0-1

[Event "Mundial Juvenil femenino 2005 s10"]
[Site "Belfort FRA"]
[Date "2005.07.26"]
[Round "7.15"]
[White "Owens, Megan"]
[Black "Atabayva, Gozel"]
[Result "1/2-1/2"]
[WhiteElo "1599"]
[BlackElo "1599"]
[PlyCount "115"]
[EventDate "2005.07.19"]
[EventType "swiss"]
[EventRounds "11"]
[EventCountry "FRA"]
[Source "lmi"]
[SourceDate "2005.07.31"]

1. d4 d5 2. c4 e6 3. Nc3 Nf6 4. cxd5 exd5 5. Bg5 Be7 6. e3 O-O 7. Qc2 b6 8. Nf3
Bb7 9. Bd3 h6 10. h4 Nbd7 11. Bf4 c5 12. a3 a6 13. a4 a5 14. dxc5 bxc5 15. Nb5
c4 16. Bf5 Bb4+ 17. Nd2 Bc6 18. Nd4 Qb6 19. Nxc6 Qxc6 20. O-O Bd6 21. Bxd6 Qxd6
22. Rfd1 Nc5 23. Nxc4 Qc6 24. Ne5 Qd6 25. Nf3 Nfe4 26. Bxe4 Nxe4 27. Qxe4 dxe4
28. Rxd6 exf3 29. gxf3 Rfb8 30. Rb1 Rb4 31. Rd4 Rab8 32. Kg2 Rxb2 33. Rxb2 Rxb2
34. Rd5 Rb4 35. Rxa5 Rxh4 36. Ra8+ Kh7 37. f4 Rh5 38. e4 Rc5 39. a5 f6 40. Kf3
h5 41. f5 Rc4 42. Rd8 Ra4 43. Rd5 h4 44. e5 fxe5 45. Rxe5 h3 46. Kg3 Ra3+ 47.
Re3 Rxa5 48. Kg4 Ra4+ 49. f4 Kg8 50. Rxh3 Kf7 51. Kg5 Ra1 52. Rg3 Rh1 53. Rg2
Rf1 54. Re2 Rg1+ 55. Kh4 Kf6 56. Re5 Rf1 57. Kg4 Rg1+ 58. Kf3 1/2-1/2

[Event "Mundial Juvenil femenino 2005 s10"]
[Site "Belfort FRA"]
[Date "2005.07.26"]
[Round "7.16"]
[White "Baekelant, Eva"]
[Black "Papathanasiou, Aggeliki"]
[Result "0-1"]
[WhiteElo "1599"]
[BlackElo "1599"]
[PlyCount "82"]
[EventDate "2005.07.19"]
[EventType "swiss"]
[EventRounds "11"]
[EventCountry "FRA"]
[Source "lmi"]
[SourceDate "2005.07.31"]

1. e4 c5 2. Nc3 Nc6 3. f4 g6 4. Nf3 Bg7 5. Bb5 Qc7 6. Bxc6 Qxc6 7. d3 e6 8. O-O
Ne7 9. Qe1 d6 10. Qh4 f5 11. exf5 Nxf5 12. Qg5 Qc7 13. g4 Nh6 14. Re1 Qe7 15.
Qxe7+ Kxe7 16. g5 Nf5 17. Nd5+ Kd7 18. Ne3 Re8 19. Rb1 b6 20. Nxf5 exf5 21. Bd2
Bb7 22. Kf2 b5 23. c3 Bd5 24. b3 Rxe1 25. Rxe1 a5 26. c4 Bc6 27. Rb1 b4 28. Re1
a4 29. Bc1 axb3 30. axb3 Ra2+ 31. Re2 Ra1 32. Rc2 Ra6 33. Nd2 Bc3 34. Ke2 Ra1
35. Ke3 Ke7 36. Ke2 Kf7 37. Ke3 Kg7 38. Ke2 h6 39. h4 d5 40. Kd1 dxc4 41. Nxc4
Bf3+ 0-1

[Event "Mundial Juvenil femenino 2005 s10"]
[Site "Belfort FRA"]
[Date "2005.07.26"]
[Round "7.17"]
[White "Salazar, Aura"]
[Black "Baraeva, Irina"]
[Result "0-1"]
[WhiteElo "1599"]
[BlackElo "1599"]
[PlyCount "192"]
[EventDate "2005.07.19"]
[EventType "swiss"]
[EventRounds "11"]
[EventCountry "FRA"]
[Source "lmi"]
[SourceDate "2005.07.31"]

1. e4 c5 2. Nf3 g6 3. d4 cxd4 4. Nxd4 Bg7 5. Nc3 Nc6 6. Be3 Nf6 7. f3 O-O 8.
Qd2 d5 9. exd5 Nxd5 10. Nxc6 bxc6 11. Nxd5 cxd5 12. O-O-O e6 13. g4 Qf6 14. Bd4
Qxf3 15. Be2 Qe4 16. Bc5 Qe5 17. c3 Rd8 18. Bb5 Qc7 19. Qf2 Rb8 20. Bd3 a6 21.
Kb1 Bxc3 22. b3 Bg7 23. h4 Qe5 24. Kc1 Qa1+ 25. Bb1 Qc3+ 26. Qc2 Qxc2+ 27. Bxc2
Bb7 28. Rh2 Rbc8 29. Ba3 Rc7 30. Kb1 Rdc8 31. Rdd2 Bf8 32. Bb2 Bb4 33. Rd3 Bd6
34. Rf2 a5 35. Rh3 Ba6 36. g5 e5 37. h5 Bc5 38. Rfh2 d4 39. hxg6 fxg6 40. a3
Bd6 41. Rd2 Be7 42. Rg3 Rf8 43. Rg1 Bc5 44. Rh1 Bb7 45. Re1 Bd6 46. Rde2 Rcf7
47. Ka2 Rf1 48. Bd3 Rxe1 49. Rxe1 Rf3 50. Bc4+ Kg7 51. Rg1 Rf2 52. Ka1 Rf5 53.
Bc1 Kf8 54. Bb2 Be7 55. Bc1 e4 56. Be6 Rf3 57. Bg4 Rxb3 58. Rf1+ Ke8 59. Be6
Rf3 60. Rg1 Bxa3 61. Bg4 Rc3 62. Bd2 Rd3 63. Bxa5 Be7 64. Bb6 e3 65. Be2 Rd2
66. Bb5+ Kf8 67. Rf1+ Kg7 68. Ba5 Rg2 69. Bb6 Rd2 70. Ba5 Rf2 71. Rg1 Rf5 72.
Rb1 Rxg5 73. Bb6 Bf6 74. Ka2 Be4 75. Rb4 Be7 76. Rxd4 Rxb5 77. Rxe4 Rxb6 78.
Rxe7+ Kf6 79. Rxe3 g5 80. Rf3+ Kg6 81. Re3 h5 82. Re8 Kf5 83. Rf8+ Rf6 84. Rh8
h4 85. Kb2 Kg4 86. Kc2 h3 87. Kd2 Kg3 88. Ke2 Kg2 89. Rg8 Rf5 90. Ke3 h2 91.
Ke4 h1=Q 92. Kxf5 Qh7+ 93. Rg6 Qxg6+ 94. Kxg6 g4 95. Kf5 g3 96. Kf4 Kh2 0-1

[Event "Mundial Juvenil femenino 2005 s10"]
[Site "Belfort FRA"]
[Date "2005.07.26"]
[Round "7.18"]
[White "Skrabanja, Karolina"]
[Black "Botez, Alexandra"]
[Result "1/2-1/2"]
[WhiteElo "1599"]
[BlackElo "1599"]
[PlyCount "74"]
[EventDate "2005.07.19"]
[EventType "swiss"]
[EventRounds "11"]
[EventCountry "FRA"]
[Source "lmi"]
[SourceDate "2005.07.31"]

1. e4 e6 2. d4 d5 3. exd5 exd5 4. Nf3 Be6 5. Bd3 Bd6 6. Nc3 Ne7 7. Be3 O-O 8.
O-O f6 9. Qd2 a6 10. Rfe1 Nbc6 11. Bf4 Bxf4 12. Qxf4 Bf7 13. Qh4 Ng6 14. Bxg6
Bxg6 15. Rac1 b5 16. a3 Rb8 17. Ne2 Be4 18. Qg3 f5 19. c3 Rf6 20. Nf4 Rh6 21.
Ng5 Rg6 22. Nxg6 hxg6 23. Nxe4 fxe4 24. Qxg6 Qd7 25. Re3 Ne7 26. Qh5 Rb6 27.
Rg3 Nf5 28. Rg6 Qf7 29. Rg5 g6 30. Qh3 Rf6 31. Rf1 Nd6 32. b3 Kg7 33. f3 c6 34.
Qg3 Nf5 35. Qf4 Nxd4 36. Qe3 Ne6 37. Rg4 a5 1/2-1/2

[Event "Mundial Juvenil femenino 2005 s10"]
[Site "Belfort FRA"]
[Date "2005.07.26"]
[Round "7.19"]
[White "Eid, Maha"]
[Black "Johnova, Eliska"]
[Result "0-1"]
[WhiteElo "1599"]
[BlackElo "1599"]
[PlyCount "42"]
[EventDate "2005.07.19"]
[EventType "swiss"]
[EventRounds "11"]
[EventCountry "FRA"]
[Source "lmi"]
[SourceDate "2005.07.31"]

1. d4 d5 2. c4 e5 3. dxe5 d4 4. Nf3 c5 5. e3 Nc6 6. Be2 f6 7. exf6 Nxf6 8. O-O
Be7 9. exd4 cxd4 10. Bf4 O-O 11. a3 Bf5 12. Bd3 Bg4 13. h3 Bh5 14. Nbd2 Nd7 15.
Qc2 Rxf4 16. Bxh7+ Kh8 17. Bd3 Nde5 18. Nxe5 Nxe5 19. Ne4 Bg6 20. g3 Rf3 21.
Be2 d3 0-1

[Event "Mundial Juvenil femenino 2005 s10"]
[Site "Belfort FRA"]
[Date "2005.07.26"]
[Round "7.20"]
[White "Guo, Emma"]
[Black "Saduakassova, Dinara"]
[Result "1/2-1/2"]
[WhiteElo "1599"]
[BlackElo "1599"]
[PlyCount "53"]
[EventDate "2005.07.19"]
[EventType "swiss"]
[EventRounds "11"]
[EventCountry "FRA"]
[Source "lmi"]
[SourceDate "2005.07.31"]

1. e4 e5 2. Nf3 Nc6 3. d4 exd4 4. Bc4 Nf6 5. O-O Nxe4 6. Re1 d5 7. Bxd5 Qxd5 8.
Nc3 Qa5 9. Nxe4 Be6 10. Neg5 O-O-O 11. Nxe6 fxe6 12. Rxe6 Qf5 13. Qe2 Bd6 14.
Bg5 Rde8 15. Re1 h6 16. Bh4 g5 17. Bg3 Bxg3 18. hxg3 Rd8 19. Qe4 Qb5 20. b3 Qa5
21. a4 Qc3 22. Ne5 Nxe5 23. Rxe5 d3 24. cxd3 Qxd3 25. Qxd3 Rxd3 26. R5e3 Rhd8
27. Kf1 1/2-1/2

[Event "Mundial Juvenil femenino 2005 s10"]
[Site "Belfort FRA"]
[Date "2005.07.27"]
[Round "8.1"]
[White "Lach, Aleksandra"]
[Black "Aflalo, Sophie"]
[Result "1/2-1/2"]
[WhiteElo "1822"]
[BlackElo "1599"]
[PlyCount "105"]
[EventDate "2005.07.19"]
[EventType "swiss"]
[EventRounds "11"]
[EventCountry "FRA"]
[Source "lmi"]
[SourceDate "2005.07.31"]

1. e4 c5 2. g3 d5 3. exd5 Qxd5 4. Nf3 Bg4 5. Bg2 Nf6 6. O-O Qd8 7. Qe1 Nc6 8.
c3 e6 9. Ne5 Nxe5 10. Qxe5 Bd6 11. Qe1 Rb8 12. d3 O-O 13. f3 Bf5 14. Qe2 Qb6
15. Kh1 Rfd8 16. Na3 Qa6 17. c4 Be7 18. Rd1 Rd7 19. Nc2 Rbd8 20. Ne1 Bd6 21.
Bg5 Be7 22. Be3 Ne8 23. a3 Qb6 24. b4 Qc7 25. b5 Bf6 26. Rac1 Bd4 27. Bxd4 Rxd4
28. Rc3 R8d7 29. f4 Qd8 30. g4 Bg6 31. Qf3 Qf6 32. f5 exf5 33. gxf5 Bxf5 34.
Qe2 Re7 35. Qc2 Bg4 36. Rc1 Re2 37. Qb1 Qf2 38. R3c2 Rf4 39. Rxe2 Qxe2 40. Kg1
Qe3+ 41. Kh1 Qe7 42. Nc2 Nd6 43. Re1 Qh4 44. b6 a5 45. Qc1 Rf2 46. Ne3 Bf3 47.
Rg1 Qh3 48. Qe1 Re2 49. Qc1 Qh4 50. Qe1 Rf2 51. Qc1 Qh3 52. Qe1 Re2 53. Qd1
1/2-1/2

[Event "Mundial Juvenil femenino 2005 s10"]
[Site "Belfort FRA"]
[Date "2005.07.27"]
[Round "8.2"]
[White "Iwanow, Anna"]
[Black "Casusol, Cecilia"]
[Result "1-0"]
[WhiteElo "1854"]
[BlackElo "1599"]
[PlyCount "79"]
[EventDate "2005.07.19"]
[EventType "swiss"]
[EventRounds "11"]
[EventCountry "FRA"]
[Source "lmi"]
[SourceDate "2005.07.31"]

1. e4 e5 2. Nf3 Nc6 3. Bc4 Bc5 4. c3 Nf6 5. d4 exd4 6. cxd4 Bb4+ 7. Nc3 d5 8.
exd5 Nxd5 9. O-O Bxc3 10. bxc3 O-O 11. Bg5 Qd6 12. Qd3 Nb6 13. Bb3 Na5 14. Bc2
Qg6 15. Qd2 Qh5 16. Rfe1 Bg4 17. Ne5 Rfe8 18. Re4 Nac4 19. Qc1 Nxe5 20. dxe5
Bf5 21. Rh4 Qg6 22. Bxf5 Qxf5 23. Bf4 Nd5 24. Bg3 Rad8 25. Qb2 Nb6 26. Re1 f6
27. Qb3+ Qe6 28. Qb1 h6 29. f4 Qf7 30. f5 fxe5 31. Bxe5 Rd5 32. Bd4 Rxe1+ 33.
Qxe1 Rxf5 34. Rg4 Rg5 35. Re4 Qg6 36. g3 Qf7 37. Re7 Qc4 38. Qe4 Nd5 39. Re8+
Kf7 40. Qe6# 1-0

[Event "Mundial Juvenil femenino 2005 s10"]
[Site "Belfort FRA"]
[Date "2005.07.27"]
[Round "8.3"]
[White "Kotepalli, Sai Nirupama"]
[Black "Chen, Yuxuan"]
[Result "1-0"]
[WhiteElo "1599"]
[BlackElo "1599"]
[PlyCount "91"]
[EventDate "2005.07.19"]
[EventType "swiss"]
[EventRounds "11"]
[EventCountry "FRA"]
[Source "lmi"]
[SourceDate "2005.07.31"]

1. e3 e5 2. g3 d5 3. Bg2 Nf6 4. Ne2 c5 5. d4 Nc6 6. b3 Bg4 7. Bb2 cxd4 8. exd4
e4 9. h3 Bh5 10. a3 Bd6 11. c4 Bc7 12. cxd5 Qxd5 13. Nbc3 Qd7 14. Nxe4 Nxe4 15.
Bxe4 O-O 16. d5 Na5 17. g4 Bg6 18. Bxg6 fxg6 19. Rc1 Bb6 20. Rf1 Qf7 21. f3 Qe7
22. b4 Be3 23. bxa5 Qh4+ 24. Ng3 Qxg3+ 25. Ke2 Bxc1 26. Bxc1 Qe5+ 27. Kf2 Qh2+
28. Ke3 Rae8+ 29. Kd3 Qe5 30. Kc4 Rc8+ 31. Kb3 Qc3+ 32. Ka2 Qc4+ 33. Ka1 Rfd8
34. Qe1 Qxd5 35. h4 Rc2 36. Bb2 Qb3 37. Qb1 Rdd2 38. Rc1 Rxb2 39. Rc8+ Kf7 40.
Rc7+ Kf6 41. g5+ Ke6 42. Qe4+ Kd6 43. Qe7+ Kd5 44. Rc5+ Kd4 45. Qe5+ Kd3 46.
Qe4# 1-0

[Event "Mundial Juvenil femenino 2005 s10"]
[Site "Belfort FRA"]
[Date "2005.07.27"]
[Round "8.4"]
[White "Barantseva, Alexandra"]
[Black "Gaboyan, Susanna"]
[Result "0-1"]
[WhiteElo "2089"]
[BlackElo "1599"]
[PlyCount "132"]
[EventDate "2005.07.19"]
[EventType "swiss"]
[EventRounds "11"]
[EventCountry "FRA"]
[Source "lmi"]
[SourceDate "2005.07.31"]

1. c4 e6 2. g3 d5 3. Bg2 c6 4. Nf3 dxc4 5. Qc2 Qd5 6. Nc3 Qf5 7. Qxf5 exf5 8.
Ne5 Be6 9. Nb5 Kd8 10. Nd4 Nh6 11. Nxe6+ fxe6 12. Nxc4 Nf7 13. a3 Nd6 14. Ne5
Nd7 15. Nd3 e5 16. b4 e4 17. Nf4 g5 18. Ne6+ Ke7 19. Nxg5 h6 20. Nh3 Bg7 21.
Rb1 Nc4 22. Nf4 Nf6 23. Ng6+ Kf7 24. Nxh8+ Rxh8 25. d3 exd3 26. exd3 Ne5 27.
Ke2 Re8 28. Bxh6 Nc4+ 29. Be3 Nxa3 30. Rb3 Nc2 31. Kd2 Nxe3 32. fxe3 Nd5 33.
Bxd5+ cxd5 34. Rf1 Kg6 35. Rc3 Bxc3+ 36. Kxc3 Rxe3 37. Kd4 Re2 38. h4 Rg2 39.
Rf3 Rb2 40. Kc3 Rb1 41. Re3 d4+ 42. Kxd4 Rxb4+ 43. Ke5 a5 44. d4 Rb5+ 45. Ke6
Rb4 46. d5 Re4+ 47. Rxe4 fxe4 48. d6 e3 49. d7 e2 50. d8=Q e1=Q+ 51. Kd7 Qd2+
52. Kc7 Qxd8+ 53. Kxd8 a4 54. Ke7 a3 55. g4 a2 56. h5+ Kg5 57. Kf7 a1=Q 58. Ke6
Kxg4 59. h6 Qh8 60. Kf7 Qxh6 61. Ke7 Kf5 62. Kf7 Qe6+ 63. Kg7 Kg5 64. Kf8 Qd7
65. Kg8 Kg6 66. Kh8 Qh7# 0-1

[Event "Mundial Juvenil femenino 2005 s10"]
[Site "Belfort FRA"]
[Date "2005.07.27"]
[Round "8.5"]
[White "Ziaziulkina, Nastassia"]
[Black "Unaphkshvili, Nani"]
[Result "1-0"]
[WhiteElo "1949"]
[BlackElo "1599"]
[PlyCount "79"]
[EventDate "2005.07.19"]
[EventType "swiss"]
[EventRounds "11"]
[EventCountry "FRA"]
[Source "lmi"]
[SourceDate "2005.07.31"]

1. e4 d6 2. d4 Nf6 3. Nc3 g6 4. g3 Bg7 5. Bg2 O-O 6. Nge2 c6 7. a4 a5 8. O-O
Nbd7 9. h3 Qc7 10. Be3 e5 11. Qd2 Nb6 12. b3 Re8 13. Rad1 Nbd7 14. f4 exf4 15.
Bxf4 Nh5 16. Be3 Nb6 17. Nf4 Nf6 18. Qf2 Nbd7 19. Nd3 Rf8 20. Rde1 Qb8 21. Bf4
Nh5 22. Bg5 Qa7 23. Be3 Qb8 24. g4 Nhf6 25. Bf4 h5 26. g5 Ne8 27. e5 Qa7 28.
Be3 Qb8 29. exd6 Qxd6 30. Ne4 Qc7 31. Nf4 Nd6 32. Nxd6 Qxd6 33. Kh1 Nb8 34. d5
Qc7 35. Bc5 Bf5 36. Bxf8 Bxf8 37. Nxh5 Bd7 38. Nf6+ Kh8 39. Qh4+ Kg7 40. Qh7#
1-0

[Event "Mundial Juvenil femenino 2005 s10"]
[Site "Belfort FRA"]
[Date "2005.07.27"]
[Round "8.7"]
[White "Kou, Yingya"]
[Black "Efroimski, Marsel"]
[Result "1-0"]
[WhiteElo "1599"]
[BlackElo "1599"]
[PlyCount "63"]
[EventDate "2005.07.19"]
[EventType "swiss"]
[EventRounds "11"]
[EventCountry "FRA"]
[Source "lmi"]
[SourceDate "2005.07.31"]

1. e4 e6 2. d4 d5 3. exd5 exd5 4. Bd3 Bd6 5. Nf3 Bg4 6. O-O Nc6 7. c3 Qd7 8.
Re1+ Nge7 9. Nbd2 O-O-O 10. b4 Ng6 11. Qa4 Kb8 12. b5 Nce7 13. Ne5 Bxe5 14.
dxe5 Nf4 15. Qxf4 Be6 16. Nb3 b6 17. a4 h6 18. Qb4 g5 19. a5 g4 20. axb6 cxb6
21. Be3 h5 22. Bg5 Rde8 23. Nd4 Nc8 24. Bh4 Reg8 25. Ra6 g3 26. fxg3 Rg4 27.
Rea1 Ka8 28. Qa3 Rxh4 29. Nc6 Rxh2 30. Rxa7+ Nxa7 31. Qxa7+ Qxa7 32. Rxa7# 1-0

[Event "Mundial Juvenil femenino 2005 s10"]
[Site "Belfort FRA"]
[Date "2005.07.27"]
[Round "8.8"]
[White "Wang, Jiating"]
[Black "Fataliyeva, Ulviyya"]
[Result "1-0"]
[WhiteElo "1599"]
[BlackElo "1599"]
[PlyCount "81"]
[EventDate "2005.07.19"]
[EventType "swiss"]
[EventRounds "11"]
[EventCountry "FRA"]
[Source "lmi"]
[SourceDate "2005.07.31"]

1. e4 e6 2. d4 d5 3. e5 c5 4. c3 Nc6 5. Nf3 Qb6 6. Be2 cxd4 7. cxd4 Nge7 8. Nc3
Nf5 9. Na4 Bb4+ 10. Bd2 Qa5 11. Nc3 Nfxd4 12. Nxd4 Nxd4 13. a3 Be7 14. Nb5 Qb6
15. Be3 Qa5+ 16. b4 Bxb4+ 17. axb4 Qxb4+ 18. Bd2 Qc5 19. Rc1 Qb6 20. Nc7+ Kd8
21. Nxa8 Qb2 22. Bc3 Qxe2+ 23. Qxe2 Nxe2 24. Kxe2 Bd7 25. Bd4 a6 26. Nb6 Bc6
27. Ra1 Kc7 28. Na4 Bb5+ 29. Kd2 Kc6 30. Rac1+ Bc4 31. Nb2 b5 32. Ra1 Ra8 33.
Ra5 Bb3 34. Rha1 Kb7 35. Nd3 Bc4 36. Nc5+ Kc8 37. Rxa6 Rb8 38. Ra8 b4 39. Rxb8+
Kxb8 40. Na6+ Bxa6 41. Rxa6 1-0

[Event "Mundial Juvenil femenino 2005 s10"]
[Site "Belfort FRA"]
[Date "2005.07.27"]
[Round "8.9"]
[White "Baraeva, Irina"]
[Black "Milotunovic, Stefana"]
[Result "0-1"]
[WhiteElo "1599"]
[BlackElo "1599"]
[PlyCount "62"]
[EventDate "2005.07.19"]
[EventType "swiss"]
[EventRounds "11"]
[EventCountry "FRA"]
[Source "lmi"]
[SourceDate "2005.07.31"]

1. c4 Nf6 2. Nc3 g6 3. g3 Bg7 4. d4 O-O 5. Bg2 d6 6. f4 e5 7. fxe5 dxe5 8. d5
Nbd7 9. e4 Ne8 10. Nf3 Nd6 11. Qe2 f5 12. O-O c6 13. b4 Qb6+ 14. c5 Qxb4 15.
cxd6 Qxc3 16. Bg5 Qc5+ 17. Kh1 Qxd6 18. dxc6 Qxc6 19. Rfc1 Qe6 20. Bf1 fxe4 21.
Qxe4 Qf5 22. Qxf5 Rxf5 23. Nh4 Rxg5 24. Rc4 e4 25. Rac1 Nb6 26. Rxe4 Bd7 27.
Rb4 Rc8 28. Rd1 Rgc5 29. Rbb1 g5 30. Nf3 Bf5 31. Rb3 Bc2 0-1